تحليل الخطاب السياسي : (Record no. 24979)
[ view plain ]
| 000 -الفاتح | |
|---|---|
| حقل البيانات ثابتة الطول | 01380nam a22003257a 4500 |
| 003 - محدد رقم الضبط | |
| رقم الضبط | OSt |
| 005 - وقت وتاريخ اخر تعامل مع التسجيلة | |
| رقم الضبط | 20170731131331.0 |
| 008 - عناصر البيانات ثابتة الطول - معلومات عامة | |
| حقل البيانات ثابتة الطول | 170704s2016 ua fr 000 0 ara d |
| 020 ## - الرقم الدولى المعيارى للكتب | |
| الرقم الدولى المعيارى للكتاب | 9789933505783 |
| 040 ## - مصدر الفهرسة | |
| وكالة الفهرسة الأصلية | EG-ScBUE |
| لغة الفهرسة | ara |
| وكالة النسخ | EG-ScBUE |
| 041 1# - رمز اللغة | |
| رمز لغة النص/ المسارات الصوتية أو العنوان الانفرادي | ara |
| رمز لغة الترجمات و/او الاصلية المتوسطة للنص | eng |
| 082 04 - رقم تصنيف ديوى العشرى | |
| رقم الطبعة | 22 |
| رقم التصنيف | 320.962 |
| رقم المادة | ف ي ر |
| 100 1# - المدخل الرئيسى - إسم شخصى | |
| الإسم الشخصى | فيركلاو، إيزبيلا. |
| 240 ## - العنوان الموحد | |
| عنوان موحد | Political discourse analysis. |
| لغة العمل | Arabic |
| 245 10 - بيان العنوان | |
| العنوان | تحليل الخطاب السياسي : |
| بقية العنوان | مقاربة لطلاب الدراسات المتقدمة والعليا / |
| بيان المسئوليه,etc | إيزابيلا فيركلاو، نورمان فيركلاو ؛ نقله إلى العربية عبد الفتاح عمورة. |
| 250 ## - بيان الطبعة | |
| بيان الطبعة | ط. 1. |
| 260 ## - PUBLICATION, DISTRIBUTION, ETC. (IMPRINT) | |
| مكان الناشر او الموزع | دمشق : |
| اسم الناشر او الموزع | دار الفرقد، |
| تاريخ النشر أو التوزيع | 2016. |
| 300 ## - الوصف المادى | |
| التعداد | 535 ص. ؛ |
| أبعاد الوعاء | 24 سم. |
| 521 ## - تبصرة الجمهور المستهدف | |
| تبصرة الجمهور المستهدف | موجه إلى طلاب الدراسات العليا. |
| 541 ## - تبصرة المصدر المباشر للتزويد | |
| مصدر التزويد | .إهداء من أ. محمد فريد خميس |
| 546 ## - تبصرة اللغة | |
| تبصرة اللغة | النص باللغة العربية ؛ مترجم من اللغة الإنجليزية. |
| 590 ## - تبصرة محلية(RLIN) | |
| تبصرة محلية | علياء عادل |
| 650 #7 - المدخل الاضافى بالموضوع-مصطلح موضوعى | |
| مصدر الرأس أو المصطلح | BUEsh |
| مصطلح موضوعي أو اسم جغرافي كعنصر مدخل | الخطب السياسية |
| التقسيم الفرعي العام | مصر |
| 651 #7 - المدخل الاضافى بالموضوع - اسم جغرافى | |
| مصدر الرأس أو المصطلح | BUEsh |
| الاسم الجغرافي | مصر |
| التقسيم الفرعي العام | سياسة وحكومة. |
| 9 (RLIN) | 29430 |
| 653 ## - مصطلح تكشيفى غير مقيد | |
| Resource For college | BAEPS, Political Science |
| Arrived date list | July2017 |
| 655 ## - مصطلح تكشيفى-نوع/شكل | |
| التقسيم الفرعي الشكلي | Reading book |
| -- | 34232 |
| 700 1# - المدخل الاضافى - اسم شخصى | |
| الإسم الشخصى | فيركلاو، نورمان، |
| التواريخ المصاحبة للاسم | 1941 - |
| 700 1# - المدخل الاضافى - اسم شخصى | |
| الإسم الشخصى | عمورة، عبد الفتاح، |
| الدور | مترجم. |
| 942 ## - عناصر المدخل الإضافي( كوها) | |
| مصدر التصنيف او مخطط الترفيف | Dewey Decimal Classification |
| حالة التراجع | حالة الفقد | مصدر التصنيف او خطة الترفيف | حالة تلف | ليس للاعارة | المكان الدائم | المكان الحالي | موقع الترفيف | تاريخ الاكتساب | Source of acquisition | رقم الاستدعاء | الباركود | Date last seen | تبصرة غير عامة( المفوع للعناصر المفقوده) | نوع الوعاء |
|---|---|---|---|---|---|---|---|---|---|---|---|---|---|---|
| Dewey Decimal Classification | Central Library | Central Library | First floor | 04/07/2017 | Donation | 306.44 ف ي ر | 000046157 | 15/07/2025 | إهداء من أ. محمد فريد خميس | Book - Borrowing |